000 00581nam a2200193Ia 4500
005 20250508150758.0
008 008 250505s9999 xx 000 0 eng d
037 _aTextual
040 _aFEDL
_beng
_cFEDL
041 _aeng
_2eng
084 _a371.42, HAH
_qFEDL
100 _aHahn Milton E.
_9139960
245 0 _aGeneral clincial counseling in educational institutions
260 _aNew York, USA
_bMcGraw-Hill Book Company
_c1950
300 _axi,375p.
700 _a Maclean Malcolm S.
_9757632
942 _cTEXL
_h371.42, HAH
999 _c1325622
_d1325622